ბათუმის შოთა რუსთაველის სახელმწიფო უნივერსიტეტის ბიბლიოთეკა

Human embryology and developmental biology / (ბიბ.ჩანაწერი № 50432)

000 -LEADER
fixed length control field 02084cam a22004334a 4500
001 - CONTROL NUMBER
control field 15211824
005 - DATE AND TIME OF LATEST TRANSACTION
control field 20200219165756.0
008 - FIXED-LENGTH DATA ELEMENTS--GENERAL INFORMATION
fixed length control field 080307s2009 paua b 001 0 eng
010 ## - LIBRARY OF CONGRESS CONTROL NUMBER
LC control number 2008010944
016 7# - NATIONAL BIBLIOGRAPHIC AGENCY CONTROL NUMBER
Record control number 101468079
Source DNLM
020 ## - INTERNATIONAL STANDARD BOOK NUMBER
International Standard Book Number 9780323053853
020 ## - INTERNATIONAL STANDARD BOOK NUMBER
International Standard Book Number 0323053858
035 ## - SYSTEM CONTROL NUMBER
System control number (OCoLC)213375875
040 ## - CATALOGING SOURCE
Original cataloging agency DNLM/DLC
Transcribing agency DLC
Modifying agency NLM
-- BTCTA
-- C#P
-- YDXCP
-- CDX
-- DLC
041 ## - LANGUAGE CODE
Language code of text/sound track or separate title eng
042 ## - AUTHENTICATION CODE
Authentication code pcc
050 00 - LIBRARY OF CONGRESS CALL NUMBER
Classification number QM601
Item number .C29 2009
060 10 - NATIONAL LIBRARY OF MEDICINE CALL NUMBER
Classification number WQ 210.5
Item number C284h 2009
080 ## - UNIVERSAL DECIMAL CLASSIFICATION NUMBER
Universal Decimal Classification number 612.6 C-22
082 00 - DEWEY DECIMAL CLASSIFICATION NUMBER
Classification number 612.6/4
Edition number 22
100 1# - MAIN ENTRY--PERSONAL NAME
Personal name Carlson, Bruce M.
9 (RLIN) 7176
245 10 - TITLE STATEMENT
Title Human embryology and developmental biology /
Statement of responsibility, etc. Bruce M. Carlson.
250 ## - EDITION STATEMENT
Edition statement 4th ed.
260 ## - PUBLICATION, DISTRIBUTION, ETC.
Place of publication, distribution, etc. Philadelphia, PA :
Name of publisher, distributor, etc. Mosby/Elsevier,
Date of publication, distribution, etc. c2009.
300 ## - PHYSICAL DESCRIPTION
Extent xvi, 541 p. :
Other physical details ill. (chiefly col.) ;
Dimensions 28 cm.
504 ## - BIBLIOGRAPHY, ETC. NOTE
Bibliography, etc. note Includes bibliographical references and index.
505 0# - FORMATTED CONTENTS NOTE
Formatted contents note Getting ready for pregnancy -- Transport of gametes and fertilization -- Cleavage and implantation -- Molecular basis for embryonic development -- Formation of germ layers and early derivatives -- Establishment of the basic embryonic body plan -- Placenta and extraembryonic membranes -- Developmental disorders: causes, mechanisms, and patterns -- Integumentary, skeletal, and muscular systems -- Limb development -- Nervous system -- Neural crest -- Sense organs -- Head and neck -- Digestive and respiratory systems and body cavities -- Urogenital system -- Cardiovascular system -- Fetal period and birth.
650 #0 - SUBJECT ADDED ENTRY--TOPICAL TERM
Topical term or geographic name entry element Embryology, Human.
9 (RLIN) 7177
650 #0 - SUBJECT ADDED ENTRY--TOPICAL TERM
Topical term or geographic name entry element Developmental biology.
9 (RLIN) 7178
650 #0 - SUBJECT ADDED ENTRY--TOPICAL TERM
Topical term or geographic name entry element Human growth.
9 (RLIN) 7179
650 12 - SUBJECT ADDED ENTRY--TOPICAL TERM
Topical term or geographic name entry element Embryonic Development
General subdivision physiology.
9 (RLIN) 7180
650 12 - SUBJECT ADDED ENTRY--TOPICAL TERM
Topical term or geographic name entry element Fetal Development
General subdivision physiology.
9 (RLIN) 7181
653 ## - INDEX TERM--UNCONTROLLED
keyword ემბრიოლოგია
653 ## - INDEX TERM--UNCONTROLLED
keyword ბიოლოგია
856 41 - ELECTRONIC LOCATION AND ACCESS
Materials specified Table of contents only
Uniform Resource Identifier http://www.loc.gov/catdir/toc/fy0903/2008010944.html
906 ## - LOCAL DATA ELEMENT F, LDF (RLIN)
a 7
b cbc
c orignew
d 1
e ecip
f 20
g y-gencatlg
942 ## - ADDED ENTRY ELEMENTS (KOHA)
Source of classification or shelving scheme
Koha item type წიგნი
ეგზემპლარები
Withdrawn status Lost status Source of classification or shelving scheme Damaged status Not for loan Permanent Location Current Location Shelving location Date acquired Cost, normal purchase price Full call number Barcode Date last seen Copy number Price effective from Koha item type Public note
          ბათუმის შოთა რუსთაველის სახელმწიფო უნივერსიტეტის მთავარი ბიბლიოთეკა ბათუმის შოთა რუსთაველის სახელმწიფო უნივერსიტეტის მთავარი ბიბლიოთეკა წიგნსაცავი 2018-12-17 200.00 612.6 C-22 665 2018-12-17 665 2018-12-17 წიგნი 200 ლ.
          ბათუმის შოთა რუსთაველის სახელმწიფო უნივერსიტეტის მთავარი ბიბლიოთეკა ბათუმის შოთა რუსთაველის სახელმწიფო უნივერსიტეტის მთავარი ბიბლიოთეკა წიგნსაცავი 2018-12-17 200.00 612.6 C-22 666 2018-12-17 666 2018-12-17 წიგნი 200 ლ.
          ბათუმის შოთა რუსთაველის სახელმწიფო უნივერსიტეტის მთავარი ბიბლიოთეკა ბათუმის შოთა რუსთაველის სახელმწიფო უნივერსიტეტის მთავარი ბიბლიოთეკა წიგნსაცავი 2018-12-17 200.00 612.6 C-22 667 2018-12-17 667 2018-12-17 წიგნი 200 ლ.